| 000 | 00564nam a22002297i 4500 | ||
|---|---|---|---|
| 001 | 3497 | ||
| 003 | OSt | ||
| 005 | 20170126082319.0 | ||
| 007 | tu | ||
| 008 | 161220s1997 xxu||||| |||| 00| 0 d | ||
| 024 | 7 |
_a3496 _2RID |
|
| 024 | 7 |
_a3497 _2RSN (alt) |
|
| 040 | _cOSt | ||
| 084 |
_a11.431 _2z |
||
| 100 | 1 | _aBaldwin, Richard E. | |
| 245 | 0 | 0 | _aThe Costs and Benefits of Eastern Enlargement: The Impact on the EU and Central Europe |
| 260 | _c1997 | ||
| 300 |
_a30 S. : _bTab. ; _c30cm. |
||
| 651 | _aEU | ||
| 700 | 1 | _aFrancois, Joseph F. | |
| 700 | 1 | _aPortes, Richard | |
| 942 | _cB | ||
| 999 |
_c3447 _d3447 |
||